Catalog

Record Details

Catalog Search



Available copies

  • 2 of 2 copies available at LARL/NWRL Consortium. (Show)
  • 1 of 1 copy available at Northwest Regional Library.

Current holds

0 current holds with 2 total copies.

Show Only Available Copies
Location Call Number / Copy Notes Barcode Shelving Location Status Due Date
Hallock Public Library ya MOO (Text) 35500006931214 New Available -

Record details

  • ISBN: 006345744X
  • ISBN: 9780063457447
  • Physical Description: 387 pages ; 21 cm
  • Publisher: [New York, New York] : Avon, an imprint of HarperCollins Publishers, [2025]

Content descriptions

Summary, etc.:
In her senior year, Paige has completed every item ... Read More
Subject: Man-woman relationships > Fiction.
Teenagers > Fiction.
Hockey players > Fiction.
Dating (Social customs) > Fiction.
Best friends > Fiction.
Best friends > Fiction.
Dating > Fiction.
Hockey players > Fiction.
Man-woman relationships > Fiction.
Teenagers > Fiction.
Genre: Young adult fiction.
Romance fiction.
Sports fiction.
Young adult fiction.
LDR 02475cam a2200553 i 4500
001485496
003LARL_NWRL_CONSORTIUM
00520260421115952.0
008250207t20252025nyu d 000 1 eng d
040 . ‡aYDX ‡beng ‡erda ‡cYDX ‡dBDX ‡dIG# ‡dTOH ‡dOCLCO ‡dSRB ‡dOCO ‡dIH5 ‡dIFK ‡dIMD ‡dRB0 ‡dMLSOD ‡dIDW
020 . ‡a006345744X ‡q(paperback)
020 . ‡a9780063457447 ‡q(paperback)
035 . ‡a(OCoLC)1494133525
08204. ‡a813.6 ‡a[Fic] ‡223/eng/20250616
1001 . ‡aMoody, Alexandra, ‡eauthor. ‡1https://id.oclc.org/worldcat/entity/E39PCjJHpd7g6qDqmVdKBfGVhb
24510. ‡aGrumpy darling / ‡cAlexandra Moody.
264 1. ‡a[New York, New York] : ‡bAvon, an imprint of HarperCollins Publishers, ‡c[2025]
264 4. ‡c©2025
300 . ‡a387 pages ; ‡c21 cm
336 . ‡atext ‡btxt ‡2rdacontent
336 . ‡astill image ‡bsti ‡2rdacontent
337 . ‡aunmediated ‡bn ‡2rdamedia
338 . ‡avolume ‡bnc ‡2rdacarrier
4900 . ‡aDarling Devils ; ‡v2
520 . ‡aIn her senior year, Paige has completed every item on her bucket list--except her first kiss. The problem? Her best friend, Grayson, the school hockey enforcer, keeps scaring off potential suitors. When she asks him to back off and help her find the perfect guy instead, Grayson agrees--but he's secretly in love with her and sees this as his last chance to win her heart. As Paige trains for romance, she may realize the perfect guy has been beside her all along.
650 0. ‡aMan-woman relationships ‡vFiction. ‡0(LARL_NWRL_CONSORTIUM)165985
650 0. ‡aTeenagers ‡vFiction. ‡0(LARL_NWRL_CONSORTIUM)167663
650 0. ‡aHockey players ‡vFiction. ‡0(LARL_NWRL_CONSORTIUM)172412
650 0. ‡aDating (Social customs) ‡vFiction. ‡0(LARL_NWRL_CONSORTIUM)164536
650 0. ‡aBest friends ‡vFiction. ‡0(LARL_NWRL_CONSORTIUM)168959
650 1. ‡aBest friends ‡vFiction. ‡0(LARL_NWRL_CONSORTIUM)168959
650 1. ‡aDating ‡vFiction.
650 1. ‡aHockey players ‡vFiction. ‡0(LARL_NWRL_CONSORTIUM)172412
650 1. ‡aMan-woman relationships ‡vFiction. ‡0(LARL_NWRL_CONSORTIUM)165985
650 1. ‡aTeenagers ‡vFiction. ‡0(LARL_NWRL_CONSORTIUM)167663
655 0. ‡aYoung adult fiction.
655 7. ‡aRomance fiction. ‡2lcgft
655 7. ‡aSports fiction. ‡2lcgft
655 7. ‡aYoung adult fiction. ‡2lcsh
901 . ‡a485496 ‡bAUTOGEN ‡c485496 ‡tbiblio

Additional Resources